[Event " "]
[Site "Nantes"]
[Date "20.??.??"]
[Round "5.2"]
[White "Piankov, Evgenij"]
[Black "Grigorov, Grigor"]
[Result "0-1"]
[WhiteElo "2311"]
[BlackElo "2426"]
[PlyCount "66"]
[EventDate "20.??.??"]
[WhiteTeam "Issy les Moulineaux"]

1. d4 Nf6 2. c3 e6 3. Bg5 h6 4. Bh4 b6 5. Nd2 Bb7 6. Ngf3 Be7 7. Qc2 c5 8. e3
O-O 9. Bd3 Nc6 10. O-O Rc8 11. Qa4 a6 12. dxc5 bxc5 13. e4 d6 14. Rad1 Nh5 15.
Bxe7 Qxe7 16. Rfe1 Qc7 17. Bb1 Rcd8 18. Nc4 Nf4 19. Qc2 e5 20. Ne3 Ne7 21. Rd2
f5 22. exf5 e4 23. Nh4 d5 24. f3 c4 25. fxe4 Nd3 26. Ree2 dxe4 27. Qa4 Rc8 28.
g3 Nd5 29. Nhg2 Qb6 30. Kh1 Nxe3 31. Nxe3 Rxf5 $1 32. Kg2 (32. Nxf5 e3+) 32...
Rf3 33. Nxc4 Nf4+ $1 0-1

[Event " "]
[Site "Nantes"]
[Date "20.??.??"]
[Round "5.3"]
[White "Gerard, Nicolas"]
[Black "Wittmann, Marc"]
[Result "1-0"]
[WhiteElo "2307"]
[BlackElo "2246"]
[PlyCount "65"]
[EventDate "20.??.??"]
[WhiteTeam "C.E. Nantes"]
[BlackTeam "Issy les Moulineaux"]

1. d4 Nf6 2. c4 g6 3. Nc3 Bg7 4. e4 O-O 5. f4 d6 6. Nf3 Na6 7. e5 Ne8 8. Be2 c5
9. Be3 Bf5 10. dxc5 dxc5 11. O-O b6 12. Qa4 Nec7 13. Rfd1 Qe8 14. Qxe8 Rfxe8
15. a3 Rad8 16. Rac1 Bc8 17. Bd3 Bb7 18. Be4 Bxe4 19. Nxe4 f5 20. Nc3 e6 21.
Bf2 Bf8 22. Bh4 Rxd1+ 23. Rxd1 Nb8 24. Bd8 Nca6 25. Nb5 Nc6 26. Bf6 Be7 27. Rd7
Nab8 28. Rb7 Bxf6 29. exf6 Rf8 30. Nxa7 Rf7 31. Rxf7 Kxf7 32. Nxc6 Nxc6 33.
Ne5+ 1-0

[Event " "]
[Site "Nantes"]
[Date "20.??.??"]
[Round "5.4"]
[White "Houhou, Olivier"]
[Black "Delaunay, Sebastien"]
[Result "1/2-1/2"]
[WhiteElo "2286"]
[BlackElo "2344"]
[PlyCount "85"]
[EventDate "20.??.??"]
[WhiteTeam "Issy les Moulineaux"]

1. e4 Nf6 2. e5 Nd5 3. d4 d6 4. c4 Nb6 5. exd6 exd6 6. Nf3 Bf5 7. Bd3 Bxd3 8.
Qxd3 Be7 9. Nc3 Nc6 10. O-O O-O 11. b3 Re8 12. Re1 Qd7 13. Bg5 Nb4 $11 14. Qd2
Bxg5 15. Qxg5 h6 16. Qd2 Nc6 17. d5 Ne7 18. Ne4 Ng6 19. Nd4 Re7 20. Ng3 Rae8
21. Ndf5 Rxe1+ 22. Rxe1 Rxe1+ 23. Qxe1 Nc8 24. Qc3 f6 25. Nd4 Nf8 26. Qe3 Ne7
27. f4 c6 28. dxc6 Nxc6 29. Ngf5 d5 30. c5 Nxd4 31. Nxd4 Kf7 32. Kf2 a6 33. Kf3
h5 34. h3 Ng6 35. g4 hxg4+ 36. hxg4 Ne7 37. Kg3 Qc8 38. b4 Qd7 39. Qb3 Nc6 40.
Nf5 Qe6 41. Kf2 g6 42. Nd6+ Kf8 43. Qh3 $11 1/2-1/2

[Event " "]
[Site "Nantes"]
[Date "20.??.??"]
[Round "5.5"]
[White "Rihouay, Clement"]
[Black "Emmenecker, Philippe"]
[Result "0-1"]
[WhiteElo "2192"]
[BlackElo "2198"]
[PlyCount "64"]
[EventDate "20.??.??"]
[WhiteTeam "C.E. Nantes"]
[BlackTeam "Issy les Moulineaux"]

1. e4 c5 2. Nf3 Nc6 3. Nc3 Nf6 4. d4 cxd4 5. Nxd4 e5 6. Ndb5 d6 7. Bg5 a6 8.
Na3 Be6 9. Nc4 Rc8 10. Bxf6 gxf6 11. Ne3 Bh6 12. Ncd5 Rg8 13. c3 Rg6 14. Be2
Bxe3 15. Nxe3 Ne7 16. Bf3 Qb6 17. Qd2 f5 18. exf5 Nxf5 19. Nxf5 Bxf5 20. O-O
Ke7 21. Rfe1 Rcg8 22. Kh1 h5 23. Rad1 h4 24. Qd4 Qxd4 25. cxd4 f6 26. Rc1 Kd8
27. Bxb7 exd4 28. Rc4 d3 29. Rxh4 Rg4 30. Rxg4 Rxg4 31. Bxa6 d2 32. Rd1 Re4 0-1

[Event " "]
[Site "Nantes"]
[Date "20.??.??"]
[Round "5.6"]
[White "Geffroy, Laurent"]
[Black "Delorme, Alban"]
[Result "1-0"]
[WhiteElo "2239"]
[BlackElo "2236"]
[PlyCount "61"]
[EventDate "20.??.??"]
[WhiteTeam "Issy les Moulineaux"]

1. d4 Nf6 2. Bg5 c5 3. Bxf6 gxf6 4. d5 Qb6 5. Qc1 f5 6. e3 Bg7 7. c3 e6 8. Nh3
Na6 9. Nf4 O-O 10. Na3 e5 11. Nh5 Bh6 12. Be2 Qg6 13. Qd2 d6 14. f4 Nc7 15.
O-O-O e4 16. h3 Kh8 17. g4 Rg8 18. g5 Bg7 19. Ng3 Bf8 20. h4 f6 21. Nh5 Be7 22.
c4 Bd7 23. Qc3 Raf8 24. Rhg1 Qf7 25. Rg2 b5 26. cxb5 Bxb5 27. gxf6 Rxg2 28.
fxe7+ Kg8 29. exf8=Q+ Kxf8 30. Nxb5 Rxe2 31. Nxc7 1-0

[Event " "]
[Site "Nantes"]
[Date "20.??.??"]
[Round "5.7"]
[White "Grill, Marc"]
[Black "Harovelo, Ingmar"]
[Result "1-0"]
[WhiteElo "2154"]
[BlackElo "2218"]
[PlyCount "67"]
[EventDate "20.??.??"]
[WhiteTeam "C.E. Nantes"]
[BlackTeam "Issy les Moulineaux"]

1. e4 c5 2. Nf3 d6 3. d4 cxd4 4. Nxd4 Nf6 5. Nc3 Nc6 6. Bg5 e6 7. Qd2 Be7 8.
O-O-O O-O 9. f4 d5 10. e5 Nd7 11. Bxe7 Qxe7 12. Be2 Nb6 13. Rhe1 Bd7 14. Bf1
Rfc8 15. Ndb5 Qc5 16. Nd6 Rcb8 17. Bd3 Nc8 18. Bxh7+ Kf8 19. Nxf7 Kxf7 20. f5
N8e7 21. fxe6+ Bxe6 22. Rf1+ Ke8 23. Qg5 Kd7 24. Qxg7 Qe3+ 25. Kb1 Qxe5 26. Qh6
Rh8 27. Rde1 Ng8 28. Qg6 Nge7 29. Qd3 Qd4 30. Qe2 Bg4 31. Qb5 Kc7 32. Rf7 Bd7
33. Rd1 Qc4 34. Nxd5+ 1-0

[Event " "]
[Site "Nantes"]
[Date "20.??.??"]
[Round "5.8"]
[White "Baldi, Elise"]
[Black "Marchadour, Claire"]
[Result "0-1"]
[WhiteElo "1800"]
[BlackElo "2058"]
[PlyCount "56"]
[EventDate "20.??.??"]
[WhiteTeam "Issy les Moulineaux"]

1. d4 Nf6 2. c4 c5 3. Nf3 cxd4 4. Nxd4 e5 5. Nf3 e4 6. Nd4 d5 7. cxd5 Nxd5 8.
g3 Nb4 9. e3 N8c6 10. a3 Nxd4 11. exd4 Nc6 12. Be3 f5 13. Nc3 Be7 14. Rc1 O-O
15. Bg2 Bf6 16. Ne2 Qa5+ 17. Bd2 Qb6 18. Bc3 Rd8 19. O-O Nxd4 20. Nxd4 Bxd4 21.
Qa4 Bxc3 22. Qc4+ Be6 23. Qxc3 Rac8 24. Qe5 Qb3 25. Rfe1 Qd5 26. Qf4 Rxc1 27.
Rxc1 Qd2 28. Qc7 Rc8 0-1

[Event " "]
[Site "Migné-Auxances"]
[Date "21.??.??"]
[Round "6.1"]
[White "Solodovnichenko, Yuri"]
[Black "Todorov, Todor"]
[Result "0-1"]
[WhiteElo "2585"]
[BlackElo "2493"]
[PlyCount "178"]
[EventDate "21.??.??"]
[WhiteTeam "Niort"]
[BlackTeam "Bois-Colombes"]

1. e4 c5 2. Nf3 Nc6 3. d4 cxd4 4. Nxd4 d5 5. Bb5 dxe4 6. Nxc6 Qxd1+ 7. Kxd1 a6
8. Ba4 Bd7 9. Nc3 Bxc6 10. Bxc6+ bxc6 11. Nxe4 f5 12. Nd2 e5 $11 13. Nc4 O-O-O+
14. Ke2 Nf6 15. Bg5 Rd4 16. Ne3 Ne4 17. Nxf5 Nxg5 18. Nxd4 exd4 19. Kd3 Ne6 20.
Rae1 Kd7 21. g3 Bd6 22. f4 c5 23. c3 Rc8 24. Rb1 g6 25. Rhf1 Kc6 26. Rfe1 Kd7
27. Kc4 Nc7 28. a4 a5 29. b4 $11 axb4 30. cxb4 cxb4 31. Kxd4 Ne6+ 32. Kd5 Ra8
33. Ra1 Ra5+ 34. Kc4 Rc5+ 35. Kd3 Rc3+ 36. Ke4 Kc6 37. Re3 Nc5+ 38. Kf3 Nb3 39.
Ra2 Kd5 40. Rxc3 bxc3 41. Kg4 Nd4 42. Kg5 c2 43. Rxc2 Nxc2 44. Kh6 Ke6 45. Kxh7
Kf5 46. Kg7 Bb4 47. h3 Nd4 48. g4+ Kxf4 49. Kxg6 Be1 50. Kh5 Nf3 51. Kg6 Ng5
52. a5 Bxa5 53. h4 Nf3 54. h5 Kxg4 55. h6 Bc3 56. Kf7 Kh5 57. h7 Nh4 58. Kg8
Ng6 59. Kf7 Kh6 60. h8=Q+ Nxh8+ 61. Ke6 Kg6 62. Kd5 Kf5 63. Kc4 Be5 64. Kd5 Ng6
65. Kc6 Ke4 66. Kc5 Ne7 67. Kb6 Kd5 68. Kb7 Kc5 69. Ka6 Bc7 70. Kb7 Bb6 71. Ka6
Nd5 72. Kb7 Kb5 73. Kb8 Kc6 74. Ka8 Nc7+ 75. Kb8 Bc5 76. Kc8 Ba7 77. Kd8 Nd5
78. Ke8 Kd6 79. Kf7 Ne7 80. Ke8 Ke6 81. Kd8 Bb6+ 82. Ke8 Bc7 83. Kf8 Nf5 84.
Ke8 Ng7+ 85. Kf8 Kf6 86. Kg8 Kg6 87. Kf8 Bd6+ 88. Kg8 Nh5 89. Kh8 Bf8 0-1

[Event " "]
[Site "Migné-Auxances"]
[Date "21.??.??"]
[Round "6.2"]
[White "Kozakov, Mikhail"]
[Black "Stets, Dmitry"]
[Result "1/2-1/2"]
[WhiteElo "2415"]
[BlackElo "2378"]
[PlyCount "49"]
[EventDate "21.??.??"]
[WhiteTeam "Bois-Colombes"]

1. e4 c5 2. c3 Nf6 3. e5 Nd5 4. d4 cxd4 5. Nf3 Nc6 6. Bc4 e6 7. cxd4 d6 8. O-O
Be7 9. a3 O-O 10. Bd3 b6 11. Qc2 Bb7 12. Bxh7+ Kh8 13. Be4 dxe5 14. dxe5 Rc8
15. Qd3 f5 16. exf6 Nxf6 17. Ne5 Qxd3 18. Ng6+ Kg8 19. Bxd3 Rcd8 20. Bc4 Kf7
21. Nxe7 Kxe7 22. Be3 Nd4 23. Bxd4 Rxd4 24. Bb3 Bd5 25. Bxd5 $11 1/2-1/2

[Event " "]
[Site "Migné-Auxances"]
[Date "21.??.??"]
[Round "6.3"]
[White "David, Vincent"]
[Black "Shoker, Samy"]
[Result "0-1"]
[WhiteElo "2373"]
[BlackElo "2353"]
[PlyCount "80"]
[EventDate "21.??.??"]
[WhiteTeam "Niort"]
[BlackTeam "Bois-Colombes"]

1. d4 g6 2. Nf3 Bg7 3. g3 d6 4. Bg2 Nf6 5. O-O O-O 6. c4 Nc6 7. d5 Na5 8. Nfd2
c5 $11 9. Nc3 a6 10. Qc2 Rb8 11. Rb1 b5 12. b3 Bh6 13. cxb5 axb5 14. b4 cxb4
15. Rxb4 Bd7 16. h3 Qc7 17. Nb3 Bg7 18. Be3 Nxd5 19. Bxd5 Qxc3 20. Qe4 Bf5 21.
Qf4 e5 22. Qh4 Nxb3 23. Rxb3 Qc2 24. Rc1 Qxe2 25. Rbc3 Rbe8 26. Bg5 Be6 27. Bf3
Qxa2 28. Be7 d5 29. Bxf8 Bxf8 30. Bg4 Be7 31. Qh6 Bf8 32. Qh4 Be7 33. Qh6 d4
34. Rc6 f5 35. Be2 Bf8 36. Qh4 Qxe2 37. Rc7 Bg7 38. Re7 Rxe7 39. Qxe7 Bc4 40.
Ra1 h5 0-1

[Event " "]
[Site "Migné-Auxances"]
[Date "21.??.??"]
[Round "6.4"]
[White "Chomet, Pascal"]
[Black "Tranchant, Sebastien"]
[Result "1/2-1/2"]
[WhiteElo "2352"]
[BlackElo "2209"]
[PlyCount "65"]
[EventDate "21.??.??"]
[WhiteTeam "Bois-Colombes"]

1. e4 c5 2. Nf3 g6 3. d4 cxd4 4. Nxd4 Nc6 5. c4 Bg7 6. Be3 Nf6 7. Nc3 Ng4 8.
Qxg4 Nxd4 9. Qd1 Ne6 10. Rc1 Qa5 11. Qd2 b6 12. Be2 Bb7 13. f3 g5 14. O-O h5
15. a3 h4 16. Rfd1 d6 17. b4 Qe5 18. Nd5 Rd8 19. Qc2 Bc6 20. Rd2 Bf6 21. Rcd1
O-O 22. Bf1 Rc8 23. Qb3 Rfe8 24. Bf2 Bh8 25. g3 hxg3 26. hxg3 Rb8 27. Bh3 Bd7
28. Bg4 Nf8 29. Bxd7 Nxd7 30. Nc7 Rec8 31. Rd5 Qb2 32. Rxg5+ Kf8 33. Qxb2 $11
1/2-1/2

[Event " "]
[Site "Migné-Auxances"]
[Date "21.??.??"]
[Round "6.5"]
[White "Lagarde, Maxime"]
[Black "Dumitran, Octavian"]
[Result "1-0"]
[WhiteElo "2169"]
[BlackElo "2269"]
[PlyCount "128"]
[EventDate "21.??.??"]
[WhiteTeam "Niort"]
[BlackTeam "Bois-Colombes"]

1. e4 c5 2. Nf3 a6 3. c4 d6 4. d4 Bg4 5. dxc5 Bxf3 6. Qxf3 dxc5 7. Qb3 Nc6 8.
Be3 e6 9. Nc3 Nf6 10. Rd1 Nd7 11. Be2 Qc7 12. O-O Be7 13. Kh1 Bf6 14. f4 Nd4
15. Bxd4 Bxd4 16. e5 f5 17. exf6 Nxf6 18. f5 exf5 19. Nd5 Nxd5 20. cxd5 O-O-O
21. Rxf5 Rd6 22. Rdf1 Rhd8 23. Rf7 Qb6 24. Qh3+ Kb8 25. b3 Rh6 26. Qf5 Qd6 27.
h3 Bf6 28. Bf3 Rh4 29. Re1 Rf4 30. Qe6 Rb4 31. Qxd6+ Rxd6 32. Re6 Rbb6 33. Rf8+
Ka7 34. Ree8 Rb4 35. Ra8+ Kb6 36. Rfe8 Ka5 37. Rac8 Bd4 38. Kh2 Rbb6 39. Re2
Kb4 40. Rc2 Ka3 41. Re8 Rb4 42. g3 Rbb6 43. Ree2 h6 44. Kg2 Rd8 45. h4 Rf6 46.
Rc4 b5 47. Rcc2 Rdd6 48. Be4 Rf8 49. Bf3 Rdf6 50. Bg4 Rd8 51. Be6 Rff8 52. g4
Rd6 53. g5 hxg5 54. hxg5 Rf4 55. Kg3 Rf1 56. Kg4 Rb1 57. Kh5 Rb2 58. Kg6 Kxa2
59. Rxb2+ Bxb2 60. Kf7 c4 61. bxc4 bxc4 62. Ke7 Rxe6+ 63. Kxe6 Kb3 64. Kf7 Ba3
1-0

[Event " "]
[Site "Migné-Auxances"]
[Date "21.??.??"]
[Round "6.6"]
[White "Bernard, Vincent"]
[Black "Flament, Alexandre"]
[Result "1/2-1/2"]
[WhiteElo "2215"]
[BlackElo "2092"]
[PlyCount "54"]
[EventDate "21.??.??"]
[WhiteTeam "Bois-Colombes"]

1. Nf3 d5 2. d4 e6 3. c4 f5 4. Bf4 Nf6 5. e3 Be7 6. Bd3 c6 7. O-O O-O 8. Qc2
Ne4 9. Nc3 Nd7 10. Ne5 Ndf6 11. f3 Nxc3 12. bxc3 Nh5 13. g4 Nxf4 14. exf4 g6
15. c5 Qc7 16. Rab1 b6 17. cxb6 axb6 18. Qe2 Bd6 19. Rf2 b5 20. Rb3 Kh8 21. Qe1
Bb7 22. g5 Ra4 23. Re2 Qg7 24. Bb1 Re8 25. h4 c5 26. dxc5 Bxc5+ 27. Kg2 Qe7 $11
1/2-1/2

[Event " "]
[Site "Migné-Auxances"]
[Date "21.??.??"]
[Round "6.7"]
[White "Voisembert, Alain"]
[Black "Choisy, Mathilde"]
[Result "1-0"]
[WhiteElo "2104"]
[BlackElo "2079"]
[PlyCount "189"]
[EventDate "21.??.??"]
[WhiteTeam "Niort"]
[BlackTeam "Bois-Colombes"]

1. e4 c5 2. Nf3 Nc6 3. Bb5 g6 4. O-O Bg7 5. Nc3 Nf6 6. Re1 O-O 7. d3 Ne8 8. Be3
b6 9. d4 cxd4 10. Nxd4 Bb7 11. f3 Rc8 12. Nce2 Nf6 13. c3 Ne5 14. Qd2 a6 15.
Bd3 d5 16. exd5 Nxd5 17. Bf2 Nxd3 18. Qxd3 e5 19. Nb3 Qc7 20. Ng3 Nf4 21. Qe3
Nd5 22. Qe2 f5 23. Rad1 Rcd8 24. Nd2 Nf4 25. Qc4+ Qxc4 26. Nxc4 Rxd1 27. Rxd1
b5 28. Nb6 h5 29. Kf1 e4 30. Rd7 Bc6 31. Rd6 Rf6 32. Rd8+ Kh7 33. Bd4 exf3 34.
gxf3 Re6 35. Nd7 Re7 36. Nf6+ Bxf6 37. Bxf6 Re8 38. Rd4 Nd5 39. Bg5 Kg7 40. Kf2
Kf7 41. Ne2 a5 42. Rd2 Nc7 43. Nd4 Ba8 44. h4 b4 45. Nxf5 gxf5 46. Rd7+ Ke6 47.
Rxc7 bxc3 48. Rxc3 Rb8 49. Re3+ Kf7 50. b3 a4 51. Re7+ Kg6 52. Re6+ Kg7 53. Rf6
axb3 54. axb3 Rxb3 55. Rxf5 Bc6 56. Be3 Rb5 57. Bd4+ Kg8 58. Rf6 Be8 59. Kg3
Rd5 60. Be3 Kg7 61. Ra6 Rf5 62. Bd4+ Kg8 63. Re6 Kf7 64. Rh6 Ke7 65. Be3 Bf7
66. Bg5+ Kd7 67. Ra6 Bd5 68. Bf4 Ke7 69. Bd6+ Kf7 70. f4 Kg8 71. Be5 Kf7 72.
Kf2 Ke7 73. Ke3 Be6 74. Kd4 Bd7 75. Kd5 Rf7 76. Rh6 Bg4 77. Kc6 Bf3+ 78. Kc7
Ke8+ 79. Kd6 Rd7+ 80. Ke6 Bg4+ 81. Kf6 Rf7+ 82. Kg5 Ke7 83. Ra6 Rf5+ 84. Kg6
Kd7 85. Ra8 Ke7 86. Ra7+ Ke8 87. Rh7 Kf8 88. Bf6 Ke8 89. Bg5 Rb5 90. Re7+ Kf8
91. Rf7+ Ke8 92. f5 Rb6+ 93. f6 Re6 94. Kg7 Re2 95. Rb7 1-0

[Event " "]
[Site "Migné-Auxances"]
[Date "21.??.??"]
[Round "6.8"]
[White "Wabant, Pascal"]
[Black "Marchais, Aurelie"]
[Result "1-0"]
[WhiteElo "2082"]
[BlackElo "1776"]
[PlyCount "69"]
[EventDate "21.??.??"]
[WhiteTeam "Bois-Colombes"]

1. e4 c6 2. d4 d5 3. f3 dxe4 4. fxe4 e5 5. Nf3 Be6 6. c3 Nd7 7. Bd3 Bd6 8. Ng5
Ngf6 9. Nd2 O-O 10. Nxe6 fxe6 11. Nf3 h6 12. Qe2 c5 13. Bc4 Re8 14. O-O Rc8 15.
dxe5 Nxe5 16. Nxe5 Bxe5 17. Bf4 Qc7 18. Bxe5 Qxe5 19. Rae1 Kh8 20. Rf3 a6 21.
a4 Rcd8 22. Rd3 Rb8 23. a5 b5 24. axb6 Rxb6 25. b3 Reb8 26. Qd1 Qc7 27. e5 Nd5
28. Qg4 Rf8 29. Bxd5 exd5 30. e6 Rxb3 31. e7 Re8 32. Rf3 Rxe7 33. Rf8+ Kh7 34.
Qf5+ g6 35. Rh8+ 1-0

[Event " "]
[Site "Migné-Auxances"]
[Date "21.??.??"]
[Round "6.1"]
[White "Bojkov, Dejan"]
[Black "Houska, Jovanka"]
[Result "1-0"]
[WhiteElo "2474"]
[BlackElo "2384"]
[PlyCount "83"]
[EventDate "21.??.??"]
[WhiteTeam "Migné-Auxances"]
[BlackTeam "Deauville"]

1. e4 c6 2. c4 d5 3. cxd5 cxd5 4. exd5 Nf6 5. Nc3 Nxd5 6. Nf3 Nc6 7. Bb5 e6 8.
O-O Be7 9. d4 O-O 10. Re1 Bd7 11. Bd3 Nf6 12. a3 Rc8 13. Bf4 Be8 14. Rc1 Bd7
15. h3 Re8 16. Ne5 g6 17. Bb1 a6 18. Nf3 Qa5 19. Ba2 Red8 20. Qb3 b5 21. Bg5 b4
22. axb4 Nxb4 23. Bb1 Nbd5 24. Ne5 Be8 25. Bd3 Rb8 26. Qc2 Nb4 27. Qe2 Nxd3 28.
Qxd3 Rxb2 29. Qf3 Nd5 30. Bxe7 Nxe7 31. Nc4 Qb4 32. Nxb2 Qxb2 33. Qf6 Nc6 34.
d5 exd5 35. Nxd5 Qd2 36. Rcd1 Qa5 37. Re5 Nxe5 38. Qxe5 Rxd5 39. Rxd5 Bb5 40.
Qb8+ Kg7 41. Qe5+ Kg8 42. Rd7 1-0

[Event " "]
[Site "Migné-Auxances"]
[Date "21.??.??"]
[Round "6.2"]
[White "Tirard, Hugo"]
[Black "Inkiov, Ventzislav"]
[Result "1/2-1/2"]
[WhiteElo "2466"]
[BlackElo "2510"]
[PlyCount "147"]
[EventDate "21.??.??"]
[WhiteTeam "Deauville"]

1. e4 c5 2. Nc3 Nc6 3. Nf3 d6 4. d4 cxd4 5. Nxd4 Nf6 6. f3 e5 7. Nb3 Be7 8. Be3
O-O 9. Qd2 Be6 10. Nd5 Bxd5 11. exd5 Nb8 12. Na5 Qc7 13. Be2 b6 14. Nb3 a6 15.
O-O Nbd7 16. c4 a5 17. a4 Nc5 18. Nxc5 dxc5 19. f4 Bd6 20. f5 e4 21. g3 Rfe8
22. Kh1 Be5 23. Rae1 Qd6 24. Bd1 Re7 25. g4 h6 26. Rg1 Nh7 27. Qf2 Ng5 28. Qg2
Rae8 29. Bxg5 hxg5 30. Rxe4 Qh6 31. Rge1 Bxh2 32. Rxe7 Be5+ 33. Kg1 Rxe7 34.
Kf1 Kf8 35. b3 Bf4 36. Bf3 Rxe1+ 37. Kxe1 Qf6 38. Qc2 Qd4 39. Kf1 Bd6 40. Kg2
Qf4 41. Qf2 Be5 42. Bd1 Qh2+ 43. Kf1 Qh1+ 44. Qg1 Qe4 45. Qg2 Qd4 46. Qf3 Ke7
47. Be2 Kd6 48. Qh3 Qa1+ 49. Kg2 Bd4 50. Qg3+ Kd7 51. Qf3 Qg1+ 52. Kh3 Be5 53.
Qg2 Qe1 54. Qf3 Kd6 55. Kg2 Bf4 56. Qd3 Qh4 57. Qf3 Qh2+ 58. Kf1 Ke5 59. Qc3+
Kd6 60. Qf3 Bd2 61. Bd3 Bc3 62. Be2 Bd4 63. Qg2 Qf4+ 64. Qf3 Ke5 65. Kg2 Be3
66. d6 Kxd6 67. Qd5+ Ke7 68. Qb7+ Kf6 69. Qc6+ Ke5 70. Qd5+ Kf6 71. Qd8+ Ke5
72. Qd5+ Kf6 73. Qd8+ Ke5 74. Qd5+ 1/2-1/2

[Event " "]
[Site "Migné-Auxances"]
[Date "21.??.??"]
[Round "6.3"]
[White "Firman, Nazar"]
[Black "Colin, Vincent"]
[Result "1/2-1/2"]
[WhiteElo "2481"]
[BlackElo "2428"]
[PlyCount "87"]
[EventDate "21.??.??"]
[WhiteTeam "Migné-Auxances"]
[BlackTeam "Deauville"]

1. e4 c5 2. Nf3 g6 3. d4 cxd4 4. Nxd4 Bg7 5. Nc3 Nc6 6. Be3 Nf6 7. Bc4 O-O 8.
Bb3 a5 9. a4 Ng4 10. Nxc6 Nxe3 11. Nxd8 Nxd1 12. Nxd1 Rxd8 13. Rb1 d6 14. Ne3
Bd7 15. Nd5 Kf8 16. Nb6 Ra6 17. Nxd7+ Rxd7 18. Bc4 Ra8 19. c3 Rc7 20. Bb5 Rc5
21. Rd1 Rd8 22. Ke2 e6 23. g3 Ke7 24. f4 g5 25. Kf3 gxf4 26. gxf4 f5 27. Rhe1
fxe4+ 28. Rxe4 d5 29. Re2 Rf8 30. Rde1 e5 31. Rxe5+ Bxe5 32. Rxe5+ Kd6 33. Rh5
Rc7 34. Bd3 Rcf7 35. f5 Ke5 36. Rh6 Rf6 37. Rxh7 Rb6 38. Re7+ Kf6 39. Re2 Rh8
40. Kg4 Rg8+ 41. Kf4 Rh8 42. Kg4 Rg8+ 43. Kf4 Rh8 44. Kg4 1/2-1/2

[Event " "]
[Site "Migné-Auxances"]
[Date "21.??.??"]
[Round "6.4"]
[White "Coursaget, Nicolas"]
[Black "Bedouin, Xavier"]
[Result "1-0"]
[WhiteElo "2316"]
[BlackElo "2338"]
[PlyCount "65"]
[EventDate "21.??.??"]
[WhiteTeam "Deauville"]

1. d4 d5 2. c4 e6 3. Nc3 Be7 4. Bf4 Nf6 5. e3 O-O 6. Nf3 Nbd7 7. h3 c5 8. Ne5
Qb6 9. a3 cxd4 10. exd4 Nxe5 11. dxe5 Ne4 12. Nxe4 dxe4 13. Qc2 Rd8 14. Rc1 Qc6
15. Be2 b6 16. O-O Bb7 17. Rfd1 Rd3 18. Bf3 Rxd1+ 19. Bxd1 Bc5 20. Be3 Rd8 21.
Be2 Rd3 22. Rd1 h6 23. Bxc5 bxc5 24. f3 Rxd1+ 25. Qxd1 exf3 26. Qd8+ Kh7 27.
Bxf3 Qc8 28. Be4+ g6 29. Qxc8 Bxc8 30. b4 cxb4 31. axb4 Kg7 32. b5 a5 33. c5
1-0

[Event " "]
[Site "Migné-Auxances"]
[Date "21.??.??"]
[Round "6.5"]
[White "Picard, Romain"]
[Black "Godard, Maxence"]
[Result "1/2-1/2"]
[WhiteElo "2324"]
[BlackElo "2310"]
[PlyCount "29"]
[EventDate "21.??.??"]
[WhiteTeam "Migné-Auxances"]
[BlackTeam "Deauville"]

1. e4 c6 2. d4 d5 3. e5 Bf5 4. Nf3 e6 5. Be2 Nd7 6. O-O h6 7. Nbd2 Ne7 8. a3 g5
9. c4 Bg7 10. b4 O-O 11. Nb3 f6 12. Bb2 fxe5 13. Nxe5 Nxe5 14. dxe5 Qc7 15. Nc5
$11 1/2-1/2

[Event " "]
[Site "Migné-Auxances"]
[Date "21.??.??"]
[Round "6.6"]
[White "Amoyal, Pierre"]
[Black "Saada, Julien"]
[Result "1-0"]
[WhiteElo "2154"]
[BlackElo "2246"]
[PlyCount "91"]
[EventDate "21.??.??"]
[WhiteTeam "Deauville"]

1. d4 d5 2. c4 e6 3. Nc3 Nf6 4. Bg5 c6 5. cxd5 exd5 6. e3 Be7 7. Bd3 O-O 8. Qc2
Nbd7 9. Nge2 Re8 10. O-O Nf8 11. Rae1 Be6 12. f3 Rc8 13. Qd2 a6 14. a3 Rc7 15.
Bb1 Bc8 16. b4 b5 17. Bf4 Ra7 18. Rc1 Be6 19. Nd1 Qa8 20. Nf2 N6d7 21. Nd3 Nb6
22. Nc5 Nc4 23. Qd3 a5 24. Bg3 axb4 25. axb4 g6 26. e4 Ra1 27. Nf4 Bg5 28. Rc3
Qa7 29. h4 Bh6 30. h5 Qe7 31. hxg6 hxg6 32. Re1 Qf6 33. exd5 Bxf4 34. Ne4 Qf5
35. dxe6 Nxe6 36. Bh4 g5 37. Bf2 Rd8 38. Rxc4 bxc4 39. Qxc4 Qb5 40. Qc3 Ra4 41.
d5 cxd5 42. Nf6+ Kf8 43. Nh7+ Kg8 44. Qf6 Qxb4 45. Qh6 Be5 46. Nf6+ 1-0

[Event " "]
[Site "Migné-Auxances"]
[Date "21.??.??"]
[Round "6.7"]
[White "Fougerit, Valentin"]
[Black "Hagesaether, Arne"]
[Result "1/2-1/2"]
[WhiteElo "2205"]
[BlackElo "2160"]
[PlyCount "156"]
[EventDate "21.??.??"]
[WhiteTeam "Migné-Auxances"]
[BlackTeam "Deauville"]

1. e4 c6 2. d4 d5 3. Nc3 dxe4 4. Nxe4 Bf5 5. Ng3 Bg6 6. h4 h6 7. Bc4 Nf6 8. Nh3
e6 9. Nf4 Bh7 10. Be3 Bd6 11. Nfh5 Bg6 12. Nxf6+ gxf6 13. Rh3 Nd7 14. Bb3 Bf5
15. Nxf5 Qa5+ 16. c3 Qxf5 17. Bc2 Qd5 18. Qf3 Qxf3 19. Rxf3 O-O-O 20. Kf1 Rdg8
21. Bd1 f5 $11 22. c4 Rh7 23. Bf4 Kc7 24. Bxd6+ Kxd6 25. Rd3 Rhg7 26. Bf3 Kc7
27. Re1 Re8 28. Ra3 Nb6 29. Rc3 Nd7 30. d5 e5 31. dxc6 bxc6 32. Ra3 Kb6 33. Rd1
Re7 34. b4 e4 35. Be2 Rg6 36. c5+ Kb7 37. Rc3 Nf6 38. h5 Rg5 39. Rd6 Nxh5 40.
Ra3 Nf4 41. Ba6+ Kc7 42. Bc4 Kb7 43. b5 cxb5 44. Bxb5 Ne6 45. Bc6+ Kc8 46. Ra5
Rc7 47. Rb5 Rg8 48. Bd5 Nxc5 49. Rxh6 Nd3 50. Rc6 Rxc6 51. Bxc6 Kc7 52. Bd5 a6
53. Rb7+ Kd6 54. Bc4 Ne5 55. Bb3 Kc5 56. Re7 Kd4 57. Ra7 Rg6 58. g3 Rh6 59. Ra8
Nf3 60. Rd8+ Kc3 61. Rc8+ Kd4 62. Rd8+ Ke5 63. Rd5+ Ke6 64. Rc5+ Kd6 65. Rd5+
Kc6 66. Ke2 Rh1 67. Ke3 Re1+ 68. Kf4 Re2 69. Kxf5 Rxf2 70. Kxe4 Nd2+ 71. Rxd2
Rxd2 72. Bxf7 Rf2 73. Bc4 a5 74. Ke5 Kd7 75. g4 Ke7 76. g5 Kf8 77. g6 Kg7 78.
Bf7 Rxa2 1/2-1/2

[Event " "]
[Site "Migné-Auxances"]
[Date "21.??.??"]
[Round "6.8"]
[White "Fruteau, Sabine"]
[Black "Boulan, Laura"]
[Result "1-0"]
[WhiteElo "2159"]
[BlackElo "1937"]
[PlyCount "135"]
[EventDate "21.??.??"]
[WhiteTeam "Deauville"]

1. e4 e5 2. Nf3 Nc6 3. Bb5 d6 4. d4 exd4 5. Nxd4 Bd7 6. Nc3 Nf6 7. Bg5 Be7 8.
Nxc6 bxc6 9. Bd3 O-O 10. O-O h6 11. Bh4 Rb8 12. Rb1 Re8 13. h3 Nh7 14. Bxe7
Qxe7 15. f4 Qh4 16. Qf3 Nf6 $11 17. b4 {25} Be6 {59} 18. a3 Nh7 19. Ne2 Qe7 20.
c3 Nf6 21. Rbe1 Bd7 22. Ng3 Ra8 23. Bc2 a5 24. Qd3 Kf8 25. e5 Ng8 26. e6 fxe6
27. Qf3 Nf6 28. Bg6 Reb8 29. Nf5 Qd8 30. Nd4 Qc8 31. Nxc6 Bxc6 32. Qxc6 Rb6 33.
Qc4 d5 34. Qc5+ Kg8 35. f5 Ne4 36. Qd4 Ng3 37. Rf3 Nxf5 38. Bxf5 exf5 39. Qxd5+
Kh8 40. Rfe3 Qf8 41. Qd7 Qd6 42. Qxf5 Rbb8 43. Rd3 Qb6+ 44. Qf2 Qb5 45. Rg3 Rf8
46. Qd4 Rf7 47. c4 Qb6 48. Qxb6 cxb6 49. c5 axb4 50. axb4 bxc5 51. bxc5 Rc7 52.
Rc3 Rac8 53. Re5 Kg8 54. Kf2 Kf7 55. Ke3 Rc6 56. Ke4 R8c7 57. Rf3+ Kg6 58. Kd4
Kh7 59. Rd5 Kg8 60. Rd8+ Kh7 61. Rf5 Kg6 62. g4 Rc8 63. Rxc8 Rxc8 64. Kd5 h5
65. c6 hxg4 66. hxg4 Ra8 67. c7 Ra5+ 68. Kd6 1-0

[Event " "]
[Site "Noyon"]
[Date "21.??.??"]
[Round "6.1"]
[White "David, Alberto"]
[Black "Winants, Luc"]
[Result "1/2-1/2"]
[WhiteElo "2528"]
[BlackElo "2516"]
[PlyCount "39"]
[EventDate "21.??.??"]
[WhiteTeam "Clichy II"]
[BlackTeam "Cappelle la Grande"]

1. e4 e5 2. Nf3 Nc6 3. Bb5 Nf6 4. O-O Bc5 5. c3 O-O 6. d4 Bb6 7. Re1 d6 8. h3
h6 9. Be3 Bd7 10. a4 a6 11. Bf1 Ba7 12. a5 Re8 13. d5 Ne7 14. Bxa7 Rxa7 15. c4
g5 16. h4 Nh7 17. hxg5 hxg5 18. Nh2 Kg7 19. Be2 Nf6 20. Qc1 $11 1/2-1/2

[Event " "]
[Site "Noyon"]
[Date "21.??.??"]
[Round "6.2"]
[White "Carlier, Bruno"]
[Black "Rainfray, Arnaud"]
[Result "0-1"]
[WhiteElo "2430"]
[BlackElo "2394"]
[PlyCount "66"]
[EventDate "21.??.??"]
[WhiteTeam "Cappelle la Grande"]

1. Nf3 d5 2. g3 Nf6 3. Bg2 e6 4. O-O Be7 5. d4 c5 6. c4 Nc6 7. Nc3 O-O 8. cxd5
exd5 9. dxc5 Bxc5 10. Bg5 d4 11. Ne4 Be7 12. Bxf6 Bxf6 13. Ne1 Be7 14. Nd3 Qb6
15. Rc1 Bf5 16. a3 Rac8 17. Qd2 Rfe8 18. Nec5 a5 19. Qf4 Bg6 20. Bh3 Rcd8 21.
Qd2 Bd6 22. Bg2 Rc8 23. Rfe1 Rc7 24. Bf3 Bxc5 25. Nxc5 Ne5 26. Qxd4 Rxc5 27.
Rxc5 Nxf3+ 28. exf3 Rxe1+ 29. Kg2 Re8 30. Qd5 Rd8 31. Qc4 h6 32. Rb5 Qa6 33.
Qc5 Bd3 0-1